1708 1969 1047 1425 1166 1996 1209 1589 1239 1149 1672 1509 1791 1809 1028 1419 1370 1627 1651 1970 1197 1766 1378 1671 1215 1604 1635 1112 1064 1039 1474 1829 1846 1261 1507 1315 1195 1111 1435 1190 1602 1537 1909 1662 1571 1065 1159 1889 1349 1503 1380 1561 1899 1149 1454 1984 1134 1292 1171 1015 1656 1787 1975 1821 1826 1180 1140 1782 1413 1372 1271 1924 1878 1449 1170 1790 1545 1641 1252 1843 1784 1284 1764 1963 1998 1045 1691 1674 1184 1616 1587 1179 1983 1650 1281 1313 1515 1989 1663 BCNSPRNW ULIB Ver.6.0+V

เปลี่ยนเป็นภาษาไทย

Change to English
 แสดงรายละเอียดบรรณานุกรม
  กลับหน้าหลัก

Brief Record : Get Marc (ISO 2709) : E-mail record : QR code < ปิดหน้าต่าง
LEADER : 00000nam 2200000uu 4500
001    13399126792
003     ULIB
008    190306s2561||||th 000 0 tha d
020    ^a9786163882462
050    ^aJF355.42^bอ133ม
100    ^aอดุลย์ รัตนมั่นเกษม
245    ^aมหายุทธการพิชิตศึก : บทเรียนสำหรับนักบริหาร/^cอดุลย์ รัตนมั่นเกษม
250    ^aพิมพ์ครั้งที่ 2
260    ^aกรุงเทพฯ :^bแสงดาว,^c2561
300    ^a272 หน้า;^b21 ซม.
650    ^aพิชัยสงคราม
650    ^aยุทธศาสตร์
650    ^aการบริหาร
945    ^p240^l0^i27287
999    ^aกัณชพร จุลอักษร
รายการนี้ยังไม่มีแท็ก
คุณยังไม่ได้ล็อกอิน คุณสามารถมีกิจกรรมร่วมกับเว็บไซต์ได้ แต่ต้องล็อกอินก่อน ::
  ล็อกอิน

รายการสื่อสารสนเทศ

ลำดับที่ ประเภท เลขเรียก/บาร์โค้ด สถานที่ สถานะ
1. วิทยาศาสตร์การแพทย์ และสุขภาพ
วิทยาศาสตร์การแพทย์ และสุขภาพ
JF355.42 อ133ม ฉ.1 
  Barcode: 27287
ห้องสมุดวิทยาเขตสวรรค์ประชารักษ์
►นวนิยาย
บนชั้น
  ขอยืม

รายการใกล้เคียง
    ผู้แต่ง [อดุลย์ รัตนมั่นเกษม]

    หัวเรื่อง [พิชัยสงคราม]
    หัวเรื่อง [ยุทธศาสตร์]
    หัวเรื่อง [การบริหาร]

BibComment


ยังไม่เคยถูกคอมเมนท์

คอมเมนท์ทรัพยากรรายการนี้
  คอมเมนท์: มหายุทธการพิชิตศ..


 Copyright 2026. Bcnsprnw @Library